| 000 | 00461nam a2200145 4500 | ||
|---|---|---|---|
| 999 |
_c2452 _d2452 |
||
| 008 | 200303b ||||| |||| 00| 0 eng d | ||
| 082 | 0 | 0 |
_a629.83 _bD6141 |
| 100 |
_92041 _aDistefano, Joseph J. |
||
| 245 | 1 | 0 |
_aSchaum's outline of theory and problems of feedback and control systems / _cby Joseph J. Distefano and Others |
| 250 | _a1st ed. | ||
| 260 |
_aNew York _bMcGraw-Hill _c1976 |
||
| 300 | _a371 p. | ||
| 650 | 0 | _aFeedback control systems | |
| 942 |
_2ddc _cBK |
||